Łańcuch kliknięć #3 - Statystyki

Ogólne statystyki
  • Ten quiz został rozwiązany 356 razy
  • Średni wynik to 17 z 30
Statystyki odpowiedzi
Hint Odpowiedź % Poprawnych
Kraj na Bliskim Wschodzie, którego stolica to Amman Jordania
100%
… która stała się emirem po rozpadzie: Imperium Osmańskiego
91%
… a w kręglach dziesięciopinowych jest warta co najmniej: 60
90%
… którego władza koncentrowała się na terenie dzisiejszej: Turcji
88%
… która ucierpiała podczas Blitzu w czasie: II wojny światowej
79%
… która jest największą gorącą: Pustynią
74%
… które rości sobie prawa do spornej Zachodnej Sahary
69%
… która może mieć mały żyzny obszar zwany: Oazą
67%
… który wydał album (What’s the Story): Morning Glory
64%
… którego dyktatorem był: Castro
60%
… który był często widywany z: Cygarem
60%
… która jest największym miastem w: Maroku
59%
… co jest rokiem, w którym Rzymianie stłumili powstanie prowadzone przez: Boudikę
57%
… z której można zrobić: Bajgla
54%
… którego Pelicans grają w: NBA
53%
… które etymologicznie wywodzi się z języków: Majów
52%
… której największym miastem jest: Nowy Orlean
51%
… która stanowi tło filmu: Casablanca
50%
… którego największa diaspora znajduje się w: Stanach Zjednoczonych
50%
… której największym producentem jest: Wybrzeże Kości Słoniowej
50%
… co jest potocznym określeniem rodzaju: Kwiatu
43%
… która jest stolicą: Kuby
40%
… które znalazło się pod „ochroną” w 1843 roku ze strony: Francji
39%
… które sprzedało Stanom Zjednoczonym terytorium: Luizjany
39%
… która żyła na terenie dzisiejszej: Anglii
37%
… których elity spożywały napoje z: Czekolady
37%
… którego kulturowe pochodzenie jest: Żydowskie
37%
… który zatonął w porcie: Hawany
25%
… które w języku angielskim jest heterografem słowa: Maką
24%
… które poszły na wojnę z Hiszpanią z powodu: USS Maine
15%
Nie znaleziono quizów pasujących do podanych kryteriów
Rozkład punktacji
Procent ludzi z każdym wynikiem
Percentyl według liczby udzielonych odpowiedzi
Twoja historia wyników
Nie rozwiązałeś tego quizu